music artists - Statistics

General Stats
  • This quiz has been taken 354 times
  • The average score is 9 of 15
Answer Stats
Hint Answer % Correct
Someone Like You Adele
83%
Diamond Rihanna
81%
Mirrors Justin Timberlake
70%
Girl On Fire Alicia Keys
68%
Titanium David Guetta
68%
Judas Lady Gaga
67%
One Thing One Direction
64%
Call Me Maybe Carly Rae Jepson
57%
Im Yours Jason Mraz
56%
Heart Attack Demi Lovato
55%
Gentleman Psy
52%
Red Taylor Swift
52%
A Thousand Years Christina Perri
50%
Impossible James Arthur
31%
Oath Cher Lloyd
23%
No matching quizzes found
Score Distribution
Percent of People with Each Score
Percentile by Number Answered
Your Score History
You have not taken this quiz